Filosofía del lenguaje: Ensayos

Guardado en:
Bibliografiske detaljer
Hovedforfatter: Vossler, Karl
Format: Bog
Sprog:Undetermined
Udgivet: Buenos Aires, Argentina Editorial Losada 1968
Udgivelse:5
Fag:
Tags: Tilføj Tag
Ingen Tags, Vær først til at tagge denne postø!

MARC

LEADER 00000nam a2200000Ia 4500
008 170316s9999 xx 000 0 und d
090 |a 100 V-26f 
100 |a Vossler, Karl 
245 |a Filosofía del lenguaje: Ensayos 
250 |a 5 
260 |a Buenos Aires, Argentina 
260 |b Editorial Losada 
260 |c 1968 
300 |a 269 páginas 
650 |a FILOSOFÍA 
650 |a ENSAYOS 
650 |a HISTORIA LINGÜÍSTICA 
650 |a HISTORIA CULTURAL 
650 |a LA VIDA - EL LENGUAJE 
650 |a EL INDIVIDUO - LA LENGUA 
650 |a SOCIOLOGÍA LINGÜÍSTICA 
999 |c 17873  |d 17873 
040 |a cru BVZT 
942 |c 15 D  |h 100 V-26f  |2 z